Annerton Pit /

In search of their grandfather who has disappeared while tracking down ghosts, two brothers, one blind, stumble upon a headquarters of subversive revolutionary activity in an abandoned mine.

Bibliographic Details
Main Author: Dickinson, Peter, 1927-2015
Format: Book
Language:English
Published: Boston : Little, Brown, [1977]
Edition:1st American ed.
Subjects:

MARC

Tag First Indicator Second Indicator Subfields
LEADER 00000pam a2200000 a 4500
001 in00000050996
005 20200418063627.0
008 770606r1977 mau j 00011 engm
010 |a  77009885  
020 |a 0316184306 
035 |a (OCoLC)03072670 
035 |9 AAF4259AM 
040 |a DLC  |c DLC  |d m.c.  |d TXA  |d UtOrBLW 
049 |a [Curr Col] TXAM  |c [1561637] 
050 0 0 |a PZ7 D562  |b An3 
100 1 |a Dickinson, Peter,  |d 1927-2015. 
245 1 0 |a Annerton Pit /  |c Peter Dickinson. 
250 |a 1st American ed. 
264 1 |a Boston :  |b Little, Brown,  |c [1977] 
264 4 |c ©1977 
300 |a 175 pages ;  |c 22 cm. 
336 |a text  |b txt  |2 rdacontent 
337 |a unmediated  |b n  |2 rdamedia 
338 |a volume  |b nc  |2 rdacarrier 
500 |a "An Atlantic Monthly Press book." 
520 |a In search of their grandfather who has disappeared while tracking down ghosts, two brothers, one blind, stumble upon a headquarters of subversive revolutionary activity in an abandoned mine. 
650 1 |a Ghosts  |v Fiction. 
650 1 |a Blind  |x Fiction. 
651 1 |a England  |x Fiction. 
999 |a MARS 
999 f f |s 639f89a4-36ad-3e09-80d2-a631da2fe8ee  |i e2d2b394-a3ba-321b-865b-d7c2d6194851  |t 0 
952 f f |p ric  |a Texas A&M University  |b Rellis Campus  |c Joint Library Facility  |d Remote Storage  |t 0  |e PZ7 D562 An3  |h Library of Congress classification  |i unmediated -- volume  |m A14805946818 
998 f f |a PZ7 D562 An3  |t 0  |l Remote Storage